000 00617nas a2200217 4500
001 BR9403567
003 BR-BrBNA
005 20231205093651.0
007 ta
008 230509b bl.|||p| |||| 00| 00por d
040 _aBR-BrBNA
_bpor
_cBiblioteca Nacional de Agricultura
041 _a(Pt)
072 _aE70; F01
100 1 _aSilva, G.
245 1 _aMilho verde. Corrida ate a freguesia
650 _aMilho Verde
650 _aComercializacao
773 0 _tGlobo Rural (Brazil)
_xISSN 0102-6178
_g(Jun 1994), v. 9(104) p. 56-62
_wBR9403567
909 _a202311
_bLúcia
_c55
_dLúcia Elande
942 _2AGRIS
_n0
_cANA
999 _c139763
_d139763